Retardos en el comportamiento económico / (Record no. 116603)

MARC details
000 -LEADER
campo de control de longitud fija 00544nam a2200157 4500
001 - NÚMERO DE CONTROL
campo de control 116603
003 - IDENTIFICADOR DE NÚMERO DE CONTROL
campo de control ES-MaACL
007 - CAMPO FIJO DE DESCRIPCIÓN FÍSICA--INFORMACIÓN GENERAL
campo de control de longitud fija t|
008 - DATOS DE LONGITUD FIJA--INFORMACIÓN GENERAL
campo de control de longitud fija 061121s1974 sp r ||||1| spa d
100 1# - ENTRADA PRINCIPAL--NOMBRE DE PERSONA
Nombre de persona Otero Moreno, José María.
9 (RLIN) 87912
245 10 - MENCIÓN DEL TÍTULO
Título Retardos en el comportamiento económico /
Mención de responsabilidad, etc. por José María Otero Moreno.
260 ## - PUBLICACIÓN, DISTRIBUCIÓN, ETC.
Lugar de publicación, distribución, etc. Madrid :
Nombre del editor, distribuidor, etc. Instituto Iberoamericano de Desarrollo Económico,
Fecha de publicación, distribución, etc. 1974.
300 ## - DESCRIPCIÓN FÍSICA
Extensión 222 p. ;
Dimensiones 19 cm.
710 2# - ENTRADA AGREGADA--NOMBRE DE ENTIDAD CORPORATIVA
Nombre de entidad corporativa o nombre de jurisdicción como elemento de entrada Instituto Iberoamericano de Desarrollo Económico.
9 (RLIN) 5090
852 ## - LOCALIZACIÓN
Ubicación ES-MaACL
Número de control de estantería E-6670
Sublocalización o colección R.90551
Holdings
Estatus retirado Estado de pérdida Estado de daño No para préstamo Biblioteca de origen Biblioteca actual Ubicación en estantería Fecha de adquisición Fuente de adquisición Total de préstamos Signatura topográfica completa Código de barras Visto por última vez Precio de reemplazo Tipo de ítem Koha
        Biblioteca del Ateneo de Madrid Biblioteca del Ateneo de Madrid Depósito 2 17/01/2008     E-6670 1121587 23/02/2023 23/02/2023 Libro impreso